QCM sur la Finlande - Statistiques

Statistiques générales
  • Ce quiz a été pris 132 fois
  • Le résultat moyen est 10 sur 12
Statistiques - réponses
Question Réponse % Correct
Quelle est la capitale de la Finlande ? Helsinki
99%
Personnage vivant au nord du pays Père Noël
96%
De quelle région est issu ce personnage ? Laponie
95%
Quel pays va combattre la Finlande pendant la Seconde Guerre mondiale ? Russie
91%
Cabane en bois servant au bien être originaire du pays Sauna
91%
Comment se dit Finlande en finnois ? Suomi
91%
Quelle monnaie est actuellement utilisée en Finlande ? Euro
88%
Laquelle de ces villes n’est PAS finlandaise ? Tønsberg
86%
Quel trio de pays est frontalier avec la Finlande ? Norvège / Suède / Russie
82%
Quelle célèbre entreprise finlandaise est experte en jeux vidéos sur appareil mobile ? Supercell
62%
Lequel de ces finlandais a été champion du monde de Formule 1 ? Kimi Räikkönen
55%
Lequel de ces sports insolites est finlandais ? Le lancer de téléphone portable
30%
Aucun quiz correspondant
Distribution des résultats
% des personnes avec chaque résultat
Percentile par nombre de réponses
Votre historique - résultats
Vous n’avez pas pris ce quiz